000 00414nam a2200169Ia 4500
008 221030s9999 xx 000 0 und d
020 _a0070663548
041 _aEnglish
082 _a105.23
_bHwa
100 _aK. Hwang
245 0 _aComputer Architecture & Parallel Processing
260 _bMcGraw Hill Pub.
_aNew Delhi
_c0
300 _a846
650 _aBE Computer
700 _aF. A. Briggs
942 _cBK
999 _c8526
_d8526